000 00525nam a2200193 a 4500
001 6964
003 CO-ViMGA
008 141112s2004 ck r 000 u spa d
020 _a958330140X
040 _aCO-ViMGA
_bspa
_cCO-ViMGA
082 0 4 _a342.06 F375
100 1 _aFernández Naranjo, Jaime
_95985
245 1 0 _aEl manual de la carrera administrativa
260 _aCali :
_bDiálo Publicidad,
_c1994
300 _a325 p
650 1 4 _aCARRERA ADMINISTRATIVA
_95986
650 1 4 _aDERECHO ADMINISTRATIVO
942 _2ddc
_cBK
999 _c18931
_d18931